000 00634nam a2200229Ia 4500
003 OSt
005 20220924130721.0
006 a|||||r|||| 00| 0
007 ta
008 220923b |||||||| |||| 00| 0 san d
024 _a42591
037 _cTextual
040 _aARTS
_cARTS
_bsan
041 _2san
_asan
082 _aO15,2D40,1:g, 15L7
100 _aPillai K R
_9102689
245 0 _aAbhijnana Shakuntlaa carcha
260 _aTrivandrum
_bDepartment of Pub Univ of Kerala
_c1977
650 _aENGLISH LITERATURE
942 _hO15,2D40,1:g, 15L7
_cTEXL
_2CC
999 _c425277
_d425277